000 00256nam a2200097Ia 4500
001 1119855
005 20250827004612.0
008 250824s9999 xx 000 0 und d
245 0 _aAKILCI YAŞAM TERAPİSİ
_cERTUĞRUL KÖROĞLU
260 _bDESTEK YAYINLARI
999 _c1119855
_d1119855